| 000 | 00681nam a2200253Ia 4500 | ||
|---|---|---|---|
| 003 | OSt | ||
| 005 | 20220928121358.0 | ||
| 006 | a|||||r|||| 00| 0 | ||
| 007 | ta | ||
| 008 | 220927b |||||||| |||| 00| 0 eng d | ||
| 024 | _a66017 | ||
| 037 | _cTextual | ||
| 040 |
_aSDCL _cSDCL _beng |
||
| 041 |
_2eng _aeng |
||
| 082 | _aX652.1'P, P5 | ||
| 100 |
_aDas Satyajit _9451753 |
||
| 245 | 0 |
_aCredit derivatives _bCDOs and structured credit products |
|
| 250 | _a3 | ||
| 260 |
_aSingapore _bJohn Wiley _c2005 |
||
| 300 |
_axii,800p _ccm. |
||
| 650 |
_aSecurities Market _9425717 |
||
| 942 |
_hX652.1'P, P5 _cTEXL _2CC |
||
| 999 |
_c765777 _d765777 |
||